[Event "Chile Championship Women 2022"]
[Site "Las Condes"]
[Date "2022.02.26"]
[Round "9.4"]
[White "Lemus Pena, Macarena"]
[Black "Araos Diaz, Constanza Paz"]
[Result "1/2-1/2"]
[WhiteElo "1703"]
[BlackElo "1435"]
[Annotator "NA RC"]
[PlyCount "152"]
[EventDate "2022.02.18"]
[EventType "tourn"]
[EventCountry "CHI"]
[SourceTitle "playchess.com"]
[Source "ChessBase"]
[SourceQuality "1"]
[TimeControl "5400+30"]

1. Nf3 {[%emt 0:05:47]} Nf6 {[%emt 0:00:12]} 2. c4 {[%emt 0:00:18]} g6 {[%emt 0:00:07]} 3. b4 {[%emt 0:00:32]} d6 {[%emt 0:00:19]} 4. g3 {[%emt 0:00:20]} Bg7 {[%emt 0:00:17]} 5. Bb2 {[%emt 0:00:11]} O-O {[%emt 0:00:10]} 6. Bg2 {[%emt 0:00:15]} Nbd7 {[%emt 0:01:00]} 7. O-O {[%emt 0:00:33]} c5 {[%emt 0:00:48]} 8. b5 {[%emt 0:04:27]} Qc7 {[%emt 0:03:47]} 9. d3 {[%emt 0:03:19]} Rb8 {[%emt 0:00:55]} 10. Qb3 {[%emt 0:03:21]} b6 {[%emt 0:04:15]} 11. Nc3 {[%emt 0:00:23]} Bb7 {[%emt 0:00:15]} 12. a4 {[%emt 0:00:19]} e6 {[%emt 0:05:07]} 13. e3 {[%emt 0:13:16]} d5 {[%emt 0:07:31]} 14. Rfd1 {[%emt 0:08:05]} Rfd8 {[%emt 0:09:34]} 15. cxd5 {[%emt 0:05:18]} Nxd5 {[%emt 0:00:42]} 16. Nxd5 {[%emt 0:07:51]} Bxd5 {[%emt 0:00:14]} 17. Qc2 {[%emt 0:00:21]} Ne5 {[%emt 0:02:26]} 18. e4 {[%emt 0:06:15]} Nxf3+ {[%emt 0:03:22]} 19. Bxf3 {[%emt 0:00:13]} Bxb2 {[%emt 0:03:35]} 20. Qxb2 {[%emt 0:00:07]} Bb7 {[%emt 0:00:07]} 21. Rac1 {[%emt 0:03:42]} Qe7 {[%emt 0:02:54]} 22. Rc4 {[%emt 0:04:45]} Rd7 {[%emt 0:02:35]} 23. Rd2 {[%emt 0:06:24]} Rbd8 {[%emt 0:00:40]} 24. Qc3 {[%emt 0:00:20]} Rd4 {[%emt 0:01:54]} 25. Rxd4 {[%emt 0:02:28]} Rxd4 {[%emt 0:00:02]} 26. Ra2 {[%emt 0:04:09]} Qd7 {[%emt 0:02:22]} 27. Be2 {[%emt 0:00:29]} e5 {[%emt 0:10:24]} 28. f3 {[%emt 0:00:21]} f5 {[%emt 0:04:49]} 29. Rc2 {[%emt 0:08:30]} Kg7 {[%emt 0:03:15]} 30. Kg2 {[%emt 0:01:59]} Qd6 {[%emt 0:06:27]} 31. a5 {[%emt 0:00:19]} Bc8 {[%emt 0:01:53]} 32. axb6 {[%emt 0:00:14]} axb6 {[%emt 0:00:11]} 33. Ra2 {[%emt 0:00:16]} Bd7 {[%emt 0:02:39]} 34. exf5 {[%emt 0:04:09]} Bxf5 {[%emt 0:00:33]} 35. Ra7+ {[%emt 0:01:19]} Bd7 {[%emt 0:08:16]} 36. Qa1 {[%emt 0:01:49]} Qe6 {[%emt 0:02:41]} 37. Bf1 {[%emt 0:00:51]} Kf6 {[%emt 0:02:20]} 38. Qc1 {[%emt 0:03:26]} Bxb5 {[%emt 0:01:15]} 39. Rxh7 {[%emt 0:00:16]} Rd7 {[%emt 0:00:31]} 40. Qh6 {[%emt 0:01:43]} Rxh7 {[%emt 0:00:26]} 41. Qxh7 {[%emt 0:00:06]} Qd7 {[%emt 0:00:29]} 42. Qh8+ {[%emt 0:00:22]} Ke6 {[%emt 0:01:30]} 43. Kh1 {[%emt 0:01:18]} Kd6 {[%emt 0:03:24]} 44. Qb8+ {[%emt 0:00:08]} Qc7 {[%emt 0:00:09]} 45. Qg8 {[%emt 0:00:47]} Qe7 {[%emt 0:02:12]} 46. Qb8+ {[%emt 0:00:39]} Qc7 {[%emt 0:00:12]} 47. Qg8 {[%emt 0:00:20]} Qe7 {[%emt 0:00:29]} 48. Qxg6+ {[%emt 0:00:22]} Qe6 {[%emt 0:00:05]} 49. Qg5 {[%emt 0:00:26]} Qe7 {[%emt 0:01:17]} 50. Qh6+ {[%emt 0:00:14]} Qe6 {[%emt 0:00:11]} 51. Qf8+ {[%emt 0:00:39]} Qe7 {[%emt 0:00:19]} 52. Qb8+ {[%emt 0:00:09]} Qc7 {[%emt 0:00:05]} 53. Qg8 {[%emt 0:00:27]} Qe7 {[%emt 0:00:40]} 54. h4 {[%emt 0:00:28]} Qf6 {[%emt 0:00:59]} 55. Be2 {[%emt 0:00:53]} Bc6 {[%emt 0:01:02]} 56. Kg2 {[%emt 0:00:34]} b5 {[%emt 0:01:10]} 57. Qb8+ {[%emt 0:00:12]} Kd5 {[%emt 0:03:57]} 58. Qa7 {[%emt 0:01:19]} Kd4 {[%emt 0:00:00]} 59. Kf2 {[%emt 0:00:13]} Qh6 {[%emt 0:00:00]} 60. Qa1+ {[%emt 0:00:38]} Kd5 {[%emt 0:00:00]} 61. Qb2 {[%emt 0:00:34]} Qf6 {[%emt 0:00:08]} 62. Bf1 {[%emt 0:00:26]} Kd6 {[%emt 0:00:16]} 63. Bg2 {[%emt 0:00:39]} Qf5 {[%emt 0:00:24]} 64. Qb3 {[%emt 0:00:36]} b4 {[%emt 0:00:35]} 65. Qd1 {[%emt 0:00:37]} Bb5 {[%emt 0:00:36]} 66. Bf1 {[%emt 0:00:09]} Qe6 {[%emt 0:00:33]} 67. d4 {[%emt 0:00:46]} Qa2+ {[%emt 0:00:30]} 68. Kg1 {[%emt 0:00:42]} Bxf1 {[%emt 0:00:19]} 69. dxc5+ {[%emt 0:00:23]} Kxc5 {[%emt 0:00:02]} 70. Qxf1 {[%emt 0:00:20]} Qf7 {[%emt 0:00:25]} 71. Qe2 {[%emt 0:00:20]} Qd5 {[%emt 0:00:22]} 72. Qc2+ {[%emt 0:01:00]} Qc4 {[%emt 0:00:19]} 73. Qa4 {[%emt 0:00:41]} Qc1+ {[%emt 0:00:22]} 74. Kf2 {[%emt 0:00:11]} Qd2+ {[%emt 0:00:07]} 75. Kf1 {[%emt 0:00:12]} Qd3+ {[%emt 0:00:11]} 76. Kf2 {[%emt 0:00:57]} Qd2+ {[%emt 0:00:04]} 1/2-1/2

[Event "Chile Championship Women 2022"]
[Site "Las Condes"]
[Date "2022.02.25"]
[Round "9.5"]
[White "Vildosola Canales, Melany Selena"]
[Black "Toro Pradenas, Maria Jose"]
[Result "1/2-1/2"]
[WhiteElo "1645"]
[BlackElo "1979"]
[Annotator "TA"]
[PlyCount "43"]
[EventDate "2022.02.18"]
[EventType "tourn"]
[EventCountry "CHI"]
[SourceTitle "playchess.com"]
[Source "ChessBase"]
[SourceQuality "1"]

{[%evp 12,43,63,43,51,37,45,28,19,9,13,4,14,2,43,13,53,34,33,32,201,122,235,164,158,100,128,62,55,8,1,42,26,15]} 1. e4 c5 2. Nf3 e6 3. d4 cxd4 4. Nxd4 a6 5. Bd3 Qb6 6. Nb3 Qc7 7. Be3 Nf6 {B42: Sicilian: Kan Variation: 5 Bd3.} 8. O-O d5 9. N1d2 Nc6 {[%cal Bb8c6,Bc6e5,Be5d3][%mdl 32]} 10. c3 Ne5 11. Bf4 Bd6 {[#]} 12. Qe2 $146 ({Predecessor:} 12. Bxe5 Bxe5 13. h3 O-O 14. Qe2 dxe4 15. Nxe4 Nxe4 16. Qxe4 g6 17. Rfe1 Bg7 18. Nd4 {½-½ (24) Grzincic,T (2092)-Belamaric,T (2150) Pula 2001}) 12... h5 (12... O-O $11) 13. h3 {[%cal Bh2h3,Bh3h4][%mdl 32]} Nxd3 14. Bxd6 Qxd6 15. Qxd3 g5 $2 {[#]} (15... O-O $14) 16. exd5 g4 (16... Qxd5 $16 17. Qe3 Bd7) 17. h4 {Hoping for Qd4.} Qxd5 18. Qe3 (18. Qg3 $142) 18... Bd7 $16 19. Nd4 ({White should play} 19. c4 $16 Qf5 20. Qb6) 19... O-O-O $14 20. Qf4 (20. Rfe1 $14) 20... e5 $11 21. Qxf6 {[#] aiming for N4b3.} exd4 22. Qxd4 {Weighted Error Value: White=0.33/Black=0.36} 1/2-1/2

[Event "Chile Championship Women 2022"]
[Site "Las Condes"]
[Date "2022.02.26"]
[Round "10.1"]
[White "Araos Diaz, Constanza Paz"]
[Black "Vildosola Canales, Melany Selena"]
[Result "0-1"]
[WhiteElo "1435"]
[BlackElo "1645"]
[Annotator "NA RC"]
[PlyCount "92"]
[EventDate "2022.02.18"]
[EventType "tourn"]
[EventCountry "CHI"]
[SourceTitle "playchess.com"]
[Source "ChessBase"]
[SourceQuality "1"]
[TimeControl "5400+30"]

1. d4 {[%emt 0:00:02]} Nf6 {[%emt 0:08:01]} 2. Bf4 {[%emt 0:00:02]} g6 {[%emt 0:00:06]} 3. e3 {[%emt 0:00:06]} d5 {[%emt 0:00:04]} 4. Nf3 {[%emt 0:00:07]} Bg7 {[%emt 0:00:06]} 5. Be2 {[%emt 0:00:05]} c5 {[%emt 0:00:12]} 6. c3 {[%emt 0:00:06]} O-O {[%emt 0:00:09]} 7. O-O {[%emt 0:00:04]} Nbd7 {[%emt 0:01:03]} 8. Nbd2 {[%emt 0:00:12]} Re8 {[%emt 0:00:28]} 9. h3 {[%emt 0:00:23]} b6 {[%emt 0:05:31]} 10. Ne5 {[%emt 0:01:27]} Bb7 {[%emt 0:17:46]} 11. Bh2 {[%emt 0:05:59]} a6 {[%emt 0:05:08]} 12. f4 {[%emt 0:01:06]} Nf8 {[%emt 0:04:57]} 13. g4 {[%emt 0:01:47]} N6d7 {[%emt 0:01:55]} 14. Nxd7 {[%emt 0:04:39]} Nxd7 {[%emt 0:01:41]} 15. Nf3 {[%emt 0:10:15]} Nf6 {[%emt 0:05:11]} 16. Ne5 {[%emt 0:02:36]} Ne4 {[%emt 0:02:31]} 17. f5 {[%emt 0:04:52]} f6 {[%emt 0:03:32]} 18. Nd3 {[%emt 0:04:17]} e5 {[%emt 0:08:59]} 19. fxe6 {[%emt 0:01:37]} Rxe6 {[%emt 0:00:21]} 20. Kg2 {[%emt 0:15:02]} Nd6 {[%emt 0:03:04]} 21. dxc5 {[%emt 0:15:49]} Nc4 {[%emt 0:03:23]} 22. Bg1 {[%emt 0:02:04]} Rxe3 {[%emt 0:07:41]} 23. Bf3 {[%emt 0:10:38]} Re7 {[%emt 0:11:34]} 24. b3 {[%emt 0:02:45]} Ne3+ {[%emt 0:01:09]} 25. Bxe3 {[%emt 0:00:08]} Rxe3 {[%emt 0:00:07]} 26. Nf4 {[%emt 0:05:17]} bxc5 {[%emt 0:04:17]} 27. Bxd5+ {[%emt 0:00:54]} Bxd5+ {[%emt 0:01:33]} 28. Nxd5 {[%emt 0:00:06]} Re6 {[%emt 0:02:33]} 29. Rc1 {[%emt 0:02:37]} Rd6 {[%emt 0:00:41]} 30. c4 {[%emt 0:00:08]} Rb8 {[%emt 0:00:36]} 31. Qe2 {[%emt 0:00:59]} Qd7 {[%emt 0:00:55]} 32. Rce1 {[%emt 0:00:42]} Kf7 {[%emt 0:00:40]} 33. Qf2 {[%emt 0:00:28]} Qd8 {[%emt 0:00:28]} 34. Qxc5 {[%emt 0:00:33]} Rc8 {[%emt 0:00:25]} 35. Qa7+ {[%emt 0:01:18]} Rd7 {[%emt 0:00:40]} 36. Qxa6 {[%emt 0:00:27]} Rxd5 {[%emt 0:00:31]} 37. Qe6+ {[%emt 0:00:16]} Kf8 {[%emt 0:00:12]} 38. cxd5 {[%emt 0:00:12]} Rc2+ {[%emt 0:00:14]} 39. Rf2 {[%emt 0:00:12]} Rxf2+ {[%emt 0:00:50]} 40. Kxf2 {[%emt 0:00:04]} f5 {[%emt 0:00:15]} 41. Kg2 {[%emt 0:00:51]} Bd4 {[%emt 0:00:35]} 42. Rc1 {[%emt 0:01:41]} Kg7 {[%emt 0:00:42]} 43. Rc8 {[%emt 0:00:40]} Qh4 {[%emt 0:00:37]} 44. Qg8+ {[%emt 0:00:32]} Kh6 {[%emt 0:00:10]} 45. Rc7 {[%emt 0:00:54]} Qf2+ {[%emt 0:00:12]} 46. Kh1 {[%emt 0:00:12]} Qg1# {[%emt 0:00:08]} 0-1

[Event "Chile Championship Women 2022"]
[Site "Las Condes"]
[Date "2022.02.26"]
[Round "10.2"]
[White "Rozas Lazcano, Valeska"]
[Black "Lemus Pena, Macarena"]
[Result "1-0"]
[WhiteElo "1456"]
[BlackElo "1703"]
[Annotator "NA RC"]
[PlyCount "49"]
[EventDate "2022.02.18"]
[EventType "tourn"]
[EventCountry "CHI"]
[SourceTitle "playchess.com"]
[Source "ChessBase"]
[SourceQuality "1"]
[TimeControl "5400+30"]

1. e4 {[%emt 0:00:02]} c5 {[%emt 0:11:00]} 2. Nc3 {[%emt 0:00:04]} Nc6 {[%emt 0:00:05]} 3. Bb5 {[%emt 0:00:06]} Nd4 {[%emt 0:00:43]} 4. Nf3 {[%emt 0:00:16]} e6 {[%emt 0:00:44]} 5. a4 {[%emt 0:01:43]} a6 {[%emt 0:01:51]} 6. Bc4 {[%emt 0:01:18]} Ne7 {[%emt 0:00:44]} 7. Nxd4 {[%emt 0:02:35]} cxd4 {[%emt 0:00:10]} 8. Ne2 {[%emt 0:00:04]} Nc6 {[%emt 0:00:12]} 9. d3 {[%emt 0:00:29]} Be7 {[%emt 0:02:30]} 10. Bd2 {[%emt 0:03:14]} O-O {[%emt 0:00:57]} 11. O-O {[%emt 0:01:06]} Kh8 {[%emt 0:07:07]} 12. a5 {[%emt 0:02:30]} f5 {[%emt 0:03:29]} 13. f4 {[%emt 0:08:49]} b5 {[%emt 0:03:17]} 14. axb6 {[%emt 0:13:20]} fxe4 {[%emt 0:00:31]} 15. dxe4 {[%emt 0:01:27]} Qxb6 {[%emt 0:00:10]} 16. Kh1 {[%emt 0:00:21]} Bb7 {[%emt 0:16:23]} 17. Ng3 {[%emt 0:08:10]} Bh4 {[%emt 0:09:42]} 18. Qg4 {[%emt 0:13:51]} Bxg3 {[%emt 0:00:20]} 19. Qxg3 {[%emt 0:00:04]} Nb4 {[%emt 0:11:44]} 20. Qb3 {[%emt 0:04:29]} a5 {[%emt 0:03:02]} 21. c3 {[%emt 0:04:57]} dxc3 {[%emt 0:00:08]} 22. bxc3 {[%emt 0:00:07]} Qd6 {[%emt 0:00:28]} 23. Be3 {[%emt 0:06:10]} Nc6 {[%emt 0:00:15]} 24. Qxb7 {[%emt 0:07:42]} Rfb8 {[%emt 0:17:50]} 25. e5 {[%emt 0:00:28]} 1-0

[Event "Chile Championship Women 2022"]
[Site "Las Condes"]
[Date "2022.02.26"]
[Round "10.3"]
[White "Sanchez Tobar, Francisca Valentina"]
[Black "Morales Flores, Monserrat"]
[Result "1/2-1/2"]
[WhiteElo "1837"]
[BlackElo "1943"]
[Annotator "ChessBase"]
[PlyCount "32"]
[EventDate "2022.02.18"]
[EventType "tourn"]
[EventCountry "CHI"]
[SourceTitle "playchess.com"]
[Source "ChessBase"]
[SourceQuality "1"]
[TimeControl "5400+30"]

1. e4 {[%emt 0:03:06]} c5 {[%emt 0:00:09]} 2. Nf3 {[%emt 0:00:53]} e6 {[%emt 0:00:20]} 3. g3 {[%emt 0:00:37]} d5 {[%emt 0:01:32]} 4. exd5 {[%emt 0:00:39]} exd5 {[%emt 0:00:06]} 5. d4 {[%emt 0:00:18]} cxd4 {[%emt 0:01:09]} 6. Nxd4 {[%emt 0:00:41]} Nc6 {[%emt 0:02:05]} 7. Bg2 {[%emt 0:01:56]} Bc5 {[%emt 0:02:12]} 8. Nb3 {[%emt 0:04:33]} Qe7+ {[%emt 0:02:47]} 9. Qe2 {[%emt 0:00:22]} Bb6 {[%emt 0:03:40]} 10. c3 {[%emt 0:07:15]} Qxe2+ {[%emt 0:05:25]} 11. Kxe2 {[%emt 0:00:05]} Nf6 {[%emt 0:02:30]} 12. Be3 {[%emt 0:16:06]} Bg4+ {[%emt 0:11:06]} 13. f3 {[%emt 0:02:55]} Bxe3 {[%emt 0:12:37]} 14. Kxe3 {[%emt 0:00:58]} O-O-O {[%emt 0:51:52]} 15. Ke2 Rhe8+ {[%emt 0:00:30]} 16. Kf2 {[%emt 0:58:06]} a6 {[%emt 0:00:30]} 1/2-1/2

[Event "Chile Championship Women 2022"]
[Site "Las Condes"]
[Date "2022.02.26"]
[Round "10.4"]
[White "Fuentes Inzunza, Lesly"]
[Black "Reyes Jara, Paula"]
[Result "1-0"]
[WhiteElo "1816"]
[BlackElo "1880"]
[Annotator "NA RC"]
[PlyCount "93"]
[EventDate "2022.02.18"]
[EventType "tourn"]
[EventCountry "CHI"]
[SourceTitle "playchess.com"]
[Source "ChessBase"]
[SourceQuality "1"]
[TimeControl "5400+30"]

{[%evp 12,93,20,16,32767,32767,22,0,6,-19,44,56,78,66,81,82,87,80,87,85,32767,32767,97,100,118,63,115,82,84,68,85,37,101,45,67,55,68,32767,32767,32767,32767,32767,32767,32767,32767,32767,32767,13,40,58,63,-70,17,0,19,20,28,22,26,2,248,258,225,223,257,177,185,169,306,287,411,427,554,636,897,1141,1081,1420,29988,1839,6287,29980,29996,29997]} 1. d4 {[%emt 0:00:30]} Nf6 {[%emt 0:27:04]} 2. Nf3 {[%emt 0:00:00]} g6 {[%emt 0:00:09]} 3. g3 {[%emt 0:02:42]} Bg7 {[%emt 0:00:06]} 4. Bg2 {[%emt 0:00:08]} O-O {[%emt 0:00:26]} 5. O-O {[%emt 0:00:28]} d6 {[%emt 0:00:42]} 6. Re1 {[%emt 0:02:02]} Nbd7 {[%emt 0:07:48]} 7. e4 {[%emt 0:02:30]} e5 {[%emt 0:01:14]} 8. c3 {[%emt 0:01:19]} b6 {[%emt 0:07:07]} 9. Nbd2 {[%emt 0:07:26]} Bb7 {[%emt 0:01:57]} 10. Qc2 {[%emt 0:02:06]} c5 {[%emt 0:01:52]} (10... Re8 $11) 11. d5 $1 {[%emt 0:02:09]} Qc7 {[%emt 0:01:17]} 12. a4 {[%emt 0:03:00]} Ne8 {[%emt 0:08:24]} 13. Nc4 {[%emt 0:19:39]} Ndf6 {[%emt 0:07:19]} 14. Nh4 {[%emt 0:07:42]} Qd7 {[%emt 0:05:43]} 15. Bg5 {[%emt 0:09:20]} Ba6 {[%emt 0:00:35]} 16. Bf1 {[%emt 0:01:52]} Bc8 {[%emt 0:06:23]} 17. f3 {[%emt 0:19:59]} h6 {[%emt 0:02:57]} 18. Bc1 {[%emt 0:00:59]} ({White should try} 18. Be3 $16) 18... Nh5 {[%emt 0:01:08]} (18... Nh7 $14) 19. Ne3 {[%emt 0:00:52]} Qe7 {[%emt 0:00:44]} 20. Ng4 {[%emt 0:01:46]} Kh7 {[%emt 0:00:08]} 21. Bd3 {[%emt 0:06:46]} ({Better is} 21. Nf2 $16) 21... Nef6 {[%emt 0:00:44]} (21... Nf4 $14) 22. Nxf6+ {[%emt 0:00:36]} Bxf6 {[%emt 0:00:07]} 23. Ng2 {[%emt 0:00:11]} Bg5 {[%emt 0:01:22]} 24. Bxg5 {[%emt 0:00:50]} Qxg5 {[%emt 0:00:07]} 25. Qc1 {[%emt 0:00:26]} Qf6 {[%emt 0:01:26]} 26. Qe3 {[%emt 0:00:45]} g5 {[%emt 0:01:25]} 27. a5 {[%emt 0:00:12]} Bd7 {[%emt 0:00:45]} 28. c4 {[%emt 0:02:47]} Rfb8 {[%emt 0:01:46]} 29. Qf2 {[%emt 0:02:10]} (29. Qe2 $14) 29... bxa5 {[%emt 0:00:21]} 30. Rxa5 {[%emt 0:00:03]} Rb3 {[%emt 0:00:11]} 31. Re3 {[%emt 0:01:29] [#]} (31. Qe2 $14) 31... Qd8 {[%emt 0:00:33]} (31... Nf4 $1 $15 32. Qd2 (32. gxf4 gxf4 33. Re1 Rxd3 $17) 32... Nh3+ 33. Kh1 Rab8) 32. Ra3 {[%emt 0:00:34]} Qb6 {[%emt 0:00:49]} 33. Rxb3 {[%emt 0:00:15]} Qxb3 {[%emt 0:00:06]} 34. Bf1 {[%emt 0:00:18]} Qb7 {[%emt 0:03:23]} 35. f4 {[%emt 0:00:27]} Bg4 $2 {[%emt 0:03:20]} (35... gxf4 $11 {and Black is okay.} 36. gxf4 exf4 37. Nxf4 Nxf4) 36. fxe5 {[%emt 0:00:15]} dxe5 {[%emt 0:00:03]} 37. Be2 {[%emt 0:00:24]} Bxe2 {[%emt 0:01:46]} 38. Qf5+ {[%emt 0:00:01]} ({But not} 38. Qxe2 $6 Ng7 39. Rf3 Rb8 $16) 38... Kg8 {[%emt 0:01:17]} 39. Rxe2 {[%emt 0:00:01]} Qa6 {[%emt 0:01:32]} (39... Ng7 {might work better.} 40. Qf3 (40. Qxe5 Qb3 $16) 40... Rf8) 40. Rf2 {[%emt 0:00:19]} ({Not} 40. Qxe5 Qxc4 41. Rf2 Qd3 $16) 40... Rf8 {[%emt 0:00:01]} 41. Ne3 {[%emt 0:00:19]} Qa1+ {[%emt 0:02:12]} 42. Kg2 {[%emt 0:00:13]} Qe1 {[%emt 0:00:02]} 43. Ng4 {[%emt 0:00:12]} Kg7 {[%emt 0:01:19]} 44. Nxe5 {[%emt 0:00:42]} Kh8 {[%emt 0:02:27] [#]} 45. Nxf7+ $18 {[%emt 0:01:04]} (45. Ng6+ $142 $1 {[%mdl 512]} Kg8 46. Nxf8 Nf4+ 47. gxf4 Qc1 48. Nd7 gxf4 49. Ne5 f3+ 50. Kxf3) 45... Kg7 {[%emt 0:00:05]} 46. Qe5+ {[%emt 0:00:27]} Kg6 {[%emt 0:00:24]} 47. Qe6+ {[%emt 0:00:19]} 1-0

[Event "Chile Championship Women 2022"]
[Site "Las Condes"]
[Date "2022.02.26"]
[Round "10.5"]
[White "Luna Benalcazar, Gianella"]
[Black "Gomez Barrera, Javiera Belen"]
[Result "0-1"]
[WhiteElo "1736"]
[BlackElo "2199"]
[Annotator "TA"]
[PlyCount "48"]
[EventDate "2022.02.18"]
[EventType "tourn"]
[EventCountry "CHI"]
[SourceTitle "playchess.com"]
[Source "ChessBase"]
[SourceQuality "1"]

{[%evp 9,48,9,23,7,22,20,26,7,24,22,22,-10,40,-26,-30,-73,-20,-30,35,-110,-108,-124,-95,-112,-103,-121,-41,-149,-143,-252,-143,-148,-137,-408,-149,-124,-93,-249,-271,-378,-52]} 1. d4 Nf6 2. g3 g6 3. Bg2 Bg7 4. e4 d6 5. Ne2 O-O 6. h3 {B06: Modern Defence.} Nbd7 7. Nbc3 Rb8 8. Be3 {White has an edge.} a6 9. O-O e5 {[#]} 10. g4 $146 ({Predecessor:} 10. a4 h6 11. a5 Re8 12. dxe5 Nxe5 13. f4 Nc4 14. Bc1 b6 15. axb6 Nxb6 16. Qd3 Bb7 {1-0 (33) Sepp,O (2390)-Lutskan,I (2330) Vilnius 1993}) 10... Re8 (10... b5 $11) 11. g5 (11. a3 $14) 11... Nh5 $11 12. d5 (12. dxe5 $11 Nxe5 13. b3) 12... Rf8 ({Black should play} 12... b5 $17) 13. Bf3 $1 Nb6 (13... f6 $11) 14. Kh2 {[#]} (14. Bxh5 $14 {was forced to keep a grip.} gxh5 15. Ng3) 14... Nf4 $1 $17 ({Don't do} 14... Qd7 15. Bg4 Qe7 16. Bxh5 gxh5 17. Ng3 $16) 15. Nxf4 exf4 16. Bxf4 Nc4 17. Qc1 {[#]} f6 ({Better is} 17... f5 $1 $17 {[%cal Rf5e4] And now ...fxe4 would win.} 18. Re1 (18. Be2 $2 b5 $19) 18... b5) 18. Be2 (18. Bg2 $1 $15) 18... b5 19. Nd1 (19. gxf6 $17 Bxf6 20. Bh6) 19... fxg5 (19... Qd7 $19 20. Bg4 Qe7 21. Bxc8 Rbxc8) 20. Bxg5 Qe8 {Black is more active.} 21. Bxc4 $4 {[%mdl 8192]} (21. f3 $17) 21... bxc4 $2 (21... Rf3 $19 {and Black stays clearly on top.} 22. Re1 Rxh3+ 23. Kg1 bxc4) 22. Qe3 c6 ({Much weaker is} 22... Bxb2 $6 23. Nxb2 Qe5+ 24. Qg3 Rxb2 25. Qxe5 dxe5 26. Kg3 $11) 23. Qg3 $2 (23. dxc6 $17 Qxc6 24. Rb1) 23... Qxe4 $19 {Hoping for ...Rf3.} 24. Qe3 Qe8 $2 {Weighted Error Value: White=0.80/Black=0.52} (24... Qxd5 $19 25. f4 Bf5) 0-1

[Event "Chile Championship Women 2022"]
[Site "Las Condes"]
[Date "2022.02.27"]
[Round "11.1"]
[White "Reyes Jara, Paula"]
[Black "Luna Benalcazar, Gianella"]
[Result "1-0"]
[WhiteElo "1880"]
[BlackElo "1736"]
[Annotator "NA"]
[PlyCount "94"]
[EventDate "2022.02.18"]
[EventType "tourn"]
[EventCountry "CHI"]
[SourceTitle "playchess.com"]
[Source "ChessBase"]
[SourceQuality "1"]
[TimeControl "5400+30"]

1. e4 {[%emt 0:02:16]} g6 {[%emt 0:10:10]} 2. Nf3 {[%emt 0:01:29]} Bg7 {[%emt 0:00:09]} 3. Bc4 {[%emt 0:00:57]} c6 {[%emt 0:01:07]} 4. e5 {[%emt 0:02:29]} d5 {[%emt 0:00:57]} 5. exd6 {[%emt 0:00:08]} Qxd6 {[%emt 0:01:15]} 6. O-O {[%emt 0:00:52]} Nf6 {[%emt 0:03:17]} 7. d4 {[%emt 0:04:51]} O-O {[%emt 0:00:26]} 8. Re1 {[%emt 0:01:50]} Bg4 {[%emt 0:03:10]} 9. c3 {[%emt 0:00:34]} Nbd7 {[%emt 0:04:21]} 10. h3 {[%emt 0:02:14]} Bxf3 {[%emt 0:02:22]} 11. Qxf3 {[%emt 1:18:20]} e5 {[%emt 0:00:27]} 12. Be3 {[%emt 0:00:00]} e4 {[%emt 0:09:10]} (12... Nd5 {feels stronger.}) 13. Qf4 {[%emt 0:00:00]} Qe7 {[%emt 0:05:56]} 14. Qh4 {[%emt 0:00:00]} Rfe8 {[%emt 0:54:43] [#]} 15. Nd2 {[%emt 0:00:00]} (15. Bg5 $1 $16) 15... Nd5 {[%emt 0:00:00]} (15... Nb6 $1 $14) 16. Bg5 {[%emt 0:00:00]} Qf8 {[%emt 0:00:00]} (16... f6 $142) 17. Nxe4 {[%emt 0:00:00]} ({Much less strong is} 17. Rxe4 h6 $14) 17... f5 {[%emt 0:00:00] [#]} 18. Ng3 {[%emt 0:00:00]} (18. f3 $1 $18) 18... N7b6 {[%emt 0:00:00]} 19. Bb3 {[%emt 0:00:00]} Kh8 {[%emt 0:00:00]} 20. Nf1 {[%emt 0:00:00]} c5 {[%emt 0:00:00]} (20... Nf6 $142 21. Nd2 a5) 21. dxc5 {[%emt 0:00:00]} Qxc5 {[%emt 0:00:00]} 22. Rad1 {[%emt 0:00:00]} a5 {[%emt 0:00:00]} 23. Ne3 {[%emt 0:00:00]} Re4 {[%emt 0:00:00]} 24. g4 {[%emt 0:00:00]} Nxe3 {[%emt 0:00:00]} 25. Bxe3 {[%emt 0:00:00]} Qb5 $2 {[%emt 0:00:00]} (25... Qc7 26. Bc2 Re5 27. gxf5 gxf5) 26. Rd8+ {[%emt 0:00:00]} Rxd8 {[%emt 0:00:00]} 27. Qxd8+ {[%emt 0:00:00]} Qe8 {[%emt 0:00:00]} 28. Qxb6 {[%emt 0:00:00]} (28. Rd1 $142) 28... f4 {[%emt 0:00:00] [#]} 29. Kg2 $1 {[%emt 0:00:00]} a4 {[%emt 0:00:35]} 30. Bc2 {[%emt 0:00:00]} Re6 {[%emt 0:00:42]} 31. Qxb7 $2 {[%emt 0:00:00]} (31. Bd2 f3+ 32. Kg3 Qb8+ 33. Bf4 Qxf4+ 34. Kxf4 Rxb6 35. Re8+ Bf8 36. Rxf8+ Kg7 37. Rb8) 31... Re7 {[%emt 0:03:41]} 32. Qb4 {[%emt 0:00:00]} fxe3 {[%emt 0:01:29]} 33. Rxe3 {[%emt 0:00:00]} Qa8+ {[%emt 0:01:15]} 34. Be4 {[%emt 0:00:00]} Qe8 {[%emt 0:00:50]} 35. Bxg6 {[%emt 0:00:00]} Qa8+ {[%emt 0:00:05]} 36. Be4 {[%emt 0:00:00]} Qa7 {[%emt 0:00:13]} 37. Qc4 {[%emt 0:00:00]} Rc7 {[%emt 0:01:14]} 38. Qd5 {[%emt 0:00:00]} Rf7 {[%emt 0:00:38]} 39. Bf5 {[%emt 0:00:00]} Rf8 {[%emt 0:00:13]} 40. Qc6 {[%emt 0:00:00]} a3 {[%emt 0:00:35]} 41. b3 {[%emt 0:00:00]} Qa5 {[%emt 0:00:52]} 42. Rf3 {[%emt 0:00:00]} Qe5 {[%emt 0:00:32]} 43. Qa6 {[%emt 0:16:00]} Rd8 {[%emt 0:00:25]} 44. Qxa3 {[%emt 0:00:00]} h5 {[%emt 0:00:33]} 45. Qa7 {[%emt 0:00:00]} hxg4 {[%emt 0:00:11]} 46. hxg4 {[%emt 0:00:00]} Qd5 {[%emt 0:00:53]} 47. Qe3 $18 {[%emt 0:00:00]} (47. Qe7 $142 Qxf3+ 48. Kxf3 Rb8 49. Kg2 Ra8 50. Qf7 Rf8 51. Qh5+ Kg8 52. Bh7+ Kh8 53. Bg6+ Bh6 54. Qxh6+ Kg8 55. Qh7#) 47... Rb8 {[%emt 0:00:41]} 1-0